Groundwater management: The search for practical approaches

Kaydedildi:
Detaylı Bibliyografya
Yazar: FAO
Materyal Türü: Kitap
Dil:Undetermined
Baskı/Yayın Bilgisi: Rome, Italy FAO 2003
Konular:
Etiketler: Etiketle
Etiket eklenmemiş, İlk siz ekleyin!
Thư viện lưu trữ: Trung tâm Học liệu Trường Đại học Cần Thơ
LEADER 00495nam a2200169Ia 4500
001 CTU_55872
008 210402s9999 xx 000 0 und d
082 |a 631.587 
082 |b W324 
100 |a FAO 
245 0 |a Groundwater management: The search for practical approaches 
245 0 |c FAO 
260 |a Rome, Italy 
260 |b FAO 
260 |c 2003 
650 |a water resources,water supply,water managenemt,water conservation 
980 |a Trung tâm Học liệu Trường Đại học Cần Thơ